Jeux Olympiques 2016 - Pays participants - Statistiques

Statistiques générales
  • Ce quiz a été pris 13 fois
  • Le résultat moyen est 135 sur 196
Réponses sur la Carte
Les réponses sont colorées sur une échelle allant du rouge au vert en fonction du pourcentage des utilisateurs qui les ont devinées à leur premier essai. Vous pouvez retrouver ces pourcentages ci-dessous.
 
Statistiques - réponses
Nombre d'athlètes Pays % Correct
425 Allemagne
91%
396 France
91%
48 Israël
91%
09 Liban
91%
03 République démocratique du Congo
91%
10 République du Congo
91%
271 Russie
91%
03 Afghanistan
82%
137 Afrique du Sud
82%
65 Algérie
82%
33 Arménie
82%
410 Australie
82%
68 Autriche
82%
101 Belgique
82%
465 Brési
82%
06 Cambodge
82%
314 Canada
82%
42 Chili
82%
413 Chine
82%
147 Colombie
82%
86 Croatie
82%
122 Danemark
82%
306 Espagne
82%
45 Estonie
82%
554 Etats-Unis
82%
56 Finlande
82%
89 Grèce
82%
74 Irlande
82%
313 Italie
82%
330 Japon
82%
06 Jordanie
82%
103 Kazakhstan
82%
34 Lettonie
82%
67 Lituanie
82%
09 Luxembourg
82%
51 Maroc
82%
66 Norvège
82%
199 Nouvelle-Zélande
82%
241 Pays-Bas
82%
238 Pologne
82%
92 Portugal
82%
366 Royaume-Uni
82%
07 Rwanda
82%
04 Saint-Marin
82%
52 Slovaquie
82%
61 Slovénie
82%
152 Suède
82%
107 Suisse
82%
61 Tunisie
82%
98 Turquie
82%
183 Ukraine
82%
05 Albanie
73%
10 Arabie Saoudite
73%
212 Argentine
73%
135 Biélorussie
73%
02 Birmanie
73%
11 Bosnie-Herzégovine
73%
119 Egypte
73%
51 Fidji
73%
21 Guatemala
73%
02 Guinée
73%
03 Guinée-Bissau
73%
157 Hongrie
73%
120 Inde
73%
07 Islande
73%
16 Kirghizistan
73%
08 Kosovo
73%
09 Koweït
73%
07 Libye
73%
03 Liechtenstein
73%
06 Macédoine du Nord
73%
31 Malaisie
73%
06 Mali
73%
02 Mauritanie
73%
124 Mexique
73%
21 Moldavie
73%
40 Mongolie
73%
34 Monténégro
73%
02 Niger
73%
03 Oman
73%
70 Ouzbékistan
73%
07 Pakistan
73%
11 Paraguay
73%
29 Pérou
73%
20 République dominicaine
73%
107 République tchèque
73%
104 Roumanie
73%
22 Singapour
73%
04 Soudan
73%
03 Soudan du Sud
73%
09 Sri Lanka
73%
02 Swaziland
73%
57 Taïwan
73%
02 Tchad
73%
46 Thaïlande
73%
07 Turkménistan
73%
17 Uruguay
73%
04 Vanuatu
73%
02 Yémen
73%
30 Zimbabwe
73%
05 Andorre
64%
23 Angola
64%
25 Bahamas
64%
25 Bahreïn
64%
02 Bhoutan
64%
12 Bolivie
64%
07 Burundi
64%
23 Cameroun
64%
17 Chypre
64%
35 Corée du Nord
64%
205 Corée du Sud
64%
10 Emirats arabes unis
64%
38 Equateur
64%
09 Erythrée
64%
34 Ethiopie
64%
04 Gabon
64%
03 Gambie
64%
11 Ghana
64%
04 Grenade
64%
02 Guinée équatoriale
64%
06 Guyana
64%
08 Haïti
64%
26 Honduras
64%
28 Indonésie
64%
23 Irak
64%
64 Iran
64%
03 Kiribati
64%
06 Laos
64%
08 Lesotho
64%
02 Liberia
64%
06 Madagascar
64%
02 Maldives
64%
02 Malte
64%
02 Monaco
64%
04 Mozambique
64%
05 Nicaragua
64%
63 Nigeria
64%
21 Ouganda
64%
10 Panama
64%
08 Papouasie-Nouvelle-Guinée
64%
12 Philippines
64%
35 Qatar
64%
07 Saint-Christophe-et-Niévès
64%
02 Saint-Vincent-et-les-Grenadines
64%
18 Sénégal
64%
104 Serbie
64%
05 Seychelles
64%
02 Sierra Leone
64%
02 Somalie
64%
03 Suriname
64%
07 Syrie
64%
07 Tadjikistan
64%
07 Tanzanie
64%
05 Togo
64%
07 Tonga
64%
86 Venezuela
64%
22 Vietnam
64%
05 Zambie
64%
04 Antigua-et-Barbuda
55%
56 Azerbaidjan
55%
03 Belize
55%
06 Bénin
55%
10 Botswana
55%
03 Brunei
55%
51 Bulgarie
55%
01 Burkina Faso
55%
02 Comores
55%
08 Costa Rica
55%
11 Côte d'Ivoire
55%
116 Cuba
55%
39 Géorgie
55%
05 Iles Marshall
55%
63 Jamaïque
55%
87 Kenya
55%
12 Maurice
55%
05 Micronésie
55%
11 Namibie
55%
02 Nauru
55%
07 Népal
55%
06 République Centrafricaine
55%
04 Sainte-Lucie
55%
08 Salvador
55%
08 Samoa
55%
03 Sao Tomé-et-Principe
55%
03 Timor oriental
55%
26 Trinite-et-Tobago
55%
01 Tuvalu
55%
03 Bangladesh
45%
12 Barbade
45%
04 Cap-Vert
45%
07 Djibouti
45%
02 Dominique
45%
05 Malawi
45%
02 Palaos
45%
06 Palestine
45%
01 Salomon
45%
Aucun quiz correspondant
Distribution des résultats
% des personnes avec chaque résultat
Percentile par nombre de réponses
Votre historique - résultats
Vous n’avez pas pris ce quiz